[Event "Polanica Zdroj op-B 44th"]
[Site "Polanica Zdroj"]
[Date "2008.08.28"]
[Round "10"]
[White "Khamidov, Komil"]
[Black "Plotecki, Jan"]
[Result "1-0"]
[WhiteElo "1932"]
[BlackElo "1945"]
[PlyCount "73"]
[EventDate "2008.08.19"]
[EventType "swiss"]
[EventRounds "10"]
[EventCountry "POL"]
[SourceTitle "EXT 2009"]
[Source "ChessBase"]
[SourceDate "2008.11.26"]
[SourceVersion "1"]
[SourceVersionDate "2008.11.26"]
[SourceQuality "1"]

1. e4 c5 2. Nf3 e6 3. d4 cxd4 4. Nxd4 Nc6 5. Nxc6 bxc6 6. Nc3 d5 7. exd5 cxd5 8. Be2 Nf6 9. Bg5 Be7 10. 0-0 0-0 11. Nb5 a6 12. Nd4 Qc7 13. Bd3 Bb7 14. Re1 h6 15. Bh4 Ne4 16. Qg4 Nf6 17. Qh3 Rae8 18. Re3 Qf4 19. c3 Qg4 20. Qxg4 Nxg4 21. Bxe7 Rxe7 22. Re2 g6 23. Nb3 Rc7 24. Na5 Bc8 25. Rd1 Rc5 26. Nb3 Rc7 27. h3 Nf6 28. Re3 Nd7 29. Be2 Nb6 30. Rd4 Bd7 31. Rb4 Nc4 32. Bxc4 dxc4 33. Nd2 Rfc8 34. Re4 Bb5 35. a4 f5 36. Rxe6 Kf7 37. Rd6 1-0

[Event "Polanica Zdroj op-B 44th"]
[Site "Polanica Zdroj"]
[Date "2008.08.22"]
[Round "4"]
[White "Lada, Ireneusz"]
[Black "Plotecki, Jan"]
[Result "1-0"]
[WhiteElo "2166"]
[BlackElo "1945"]
[PlyCount "31"]
[EventDate "2008.08.19"]
[EventType "swiss"]
[EventRounds "10"]
[EventCountry "POL"]
[SourceTitle "CBM 126 Extra"]
[Source "ChessBase"]
[SourceDate "2008.11.05"]
[SourceVersion "1"]
[SourceVersionDate "2008.11.05"]
[SourceQuality "1"]

1. c4 e5 2. Nc3 Nc6 3. Nf3 f5 4. d4 e4 5. Ng5 Nf6 6. Nh3 Ne7 7. Bg5 Ng6 8. f3 exf3 9. exf3 Be7 10. Qc2 d6 11. 0-0-0 c6 12. Rg1 d5 13. Nf2 Be6 14. h4 Nh5 15. cxd5 cxd5 16. Nfe4 1-0

[Event "Polanica Zdroj op-B 44th"]
[Site "Polanica Zdroj"]
[Date "2008.08.21"]
[Round "3"]
[White "Plotecki, Jan"]
[Black "Morzywolek, Pawel"]
[Result "1-0"]
[WhiteElo "1945"]
[BlackElo "1805"]
[PlyCount "63"]
[EventDate "2008.08.19"]
[EventType "swiss"]
[EventRounds "10"]
[EventCountry "POL"]
[SourceTitle "CBM 126 Extra"]
[Source "ChessBase"]
[SourceDate "2008.11.05"]
[SourceVersion "1"]
[SourceVersionDate "2008.11.05"]
[SourceQuality "1"]

1. d4 f5 2. e4 fxe4 3. Nc3 Nf6 4. Bg5 Nc6 5. d5 Ne5 6. Qd4 d6 7. Nxe4 c5 8. dxc6 Nxc6 9. Qe3 Qa5+ 10. Nc3 Bd7 11. Bxf6 gxf6 12. 0-0-0 0-0-0 13. Rd5 Qc7 14. Nb5 Qb8 15. Nf3 a6 16. Nc3 e6 17. Rd1 d5 18. Na4 Qc7 19. a3 Bd6 20. g3 Kb8 21. Nb6 d4 22. Nxd7+ Qxd7 23. Qh6 e5 24. Bh3 Qe7 25. Rd3 Rhe8 26. Re1 Qf7 27. Bf5 Qa2 28. Nd2 Qa1+ 29. Nb1 Na5 30. Qxh7 Nc4 31. Rb3 Nxb2 32. Qxb7# 1-0

[Event "POL-chT3 Liga Slaska"]
[Site "Poland"]
[Date "2007.02.11"]
[Round "3"]
[White "Kielar, Maciej"]
[Black "Plotecki, Jan"]
[Result "0-1"]
[WhiteElo "1940"]
[BlackElo "1974"]
[PlyCount "78"]
[EventDate "2007.01.28"]
[EventType "team-swiss"]
[EventRounds "9"]
[EventCountry "POL"]
[SourceTitle "EXT 2011"]
[Source "ChessBase"]
[SourceDate "2010.11.26"]
[SourceVersion "1"]
[SourceVersionDate "2010.11.26"]
[SourceQuality "1"]
[WhiteTeam "Katowice UKS Palac Mlodziezy"]
[BlackTeam "Gory Strzybniczanka Tarnowskie"]
[WhiteTeamCountry "POL"]
[BlackTeamCountry "POL"]

1. e4 c5 2. d3 Nc6 3. g3 g6 4. Bg2 Bg7 5. Ne2 Rb8 6. c3 b5 7. d4 c4 8. f4 e6 9. d5 exd5 10. exd5 Nce7 11. Nd4 d6 12. Na3 a6 13. Qe2 Bb7 14. 0-0 Kf8 15. f5 Bxd4+ 16. cxd4 Nxf5 17. g4 Qe7 18. Qf2 Nfh6 19. Bxh6+ Nxh6 20. Rae1 Qg5 21. h4 Qd8 22. Re3 Kg7 23. Be4 Rf8 24. Rf3 Bc8 25. g5 Nf5 26. Nc2 Rb7 27. Nb4 Rc7 28. Nc6 Qe8 29. Re1 Ne7 30. Rf6 Nxc6 31. dxc6 Re7 32. d5 Rxe4 33. Rxe4 Qxe4 34. Rxd6 Bf5 35. a3 Re8 36. Qc5 Qe1+ 37. Kg2 Re2+ 38. Kf3 Qf1+ 39. Kg3 Rg2# 0-1

[Event "POL-chT3 Liga Slaska"]
[Site "Poland"]
[Date "2007.01.28"]
[Round "1"]
[White "Plotecki, Jan"]
[Black "Blasiak, Miroslaw"]
[Result "1/2-1/2"]
[WhiteElo "1974"]
[BlackElo "2017"]
[PlyCount "74"]
[EventDate "2007.01.28"]
[EventType "team-swiss"]
[EventRounds "9"]
[EventCountry "POL"]
[SourceTitle "EXT 2011"]
[Source "ChessBase"]
[SourceDate "2010.11.26"]
[SourceVersion "1"]
[SourceVersionDate "2010.11.26"]
[SourceQuality "1"]
[WhiteTeam "Gory Strzybniczanka Tarnowskie"]
[BlackTeam "Mikolow AKS"]
[WhiteTeamCountry "POL"]
[BlackTeamCountry "POL"]

1. d4 d5 2. Nf3 Nf6 3. Bg5 e6 4. e3 c5 5. c3 Qb6 6. Qc1 Be7 7. Bd3 Nc6 8. Nbd2 Bd7 9. Ne5 Rd8 10. 0-0 0-0 11. Rb1 Rfe8 12. Qd1 h6 13. Bh4 Nxe5 14. dxe5 Nh7 15. Bg3 Bb5 16. Nf3 Nf8 17. Qe2 Bc6 18. Rbd1 Qa5 19. a3 b5 20. Nh4 Rb8 21. f4 b4 22. axb4 cxb4 23. Ra1 Qd8 24. Nf3 bxc3 25. bxc3 Bc5 26. Nd4 Bd7 27. f5 Bb6 28. Kh1 Rc8 29. Rac1 Ba5 30. Qh5 Qg5 31. Qe2 Rxc3 32. Rxc3 Bxc3 33. f6 Rb8 34. Bf4 Qh4 35. Bg3 Qg5 36. Bf4 Qh4 37. Bg3 Qg5 1/2-1/2

[Event "POL-chT3 Liga Slaska"]
[Site "Poland"]
[Date "2007.01.28"]
[Round "2"]
[White "Staszczyk, Waldemar"]
[Black "Plotecki, Jan"]
[Result "1/2-1/2"]
[WhiteElo "2029"]
[BlackElo "1974"]
[PlyCount "91"]
[EventDate "2007.01.28"]
[EventType "team-swiss"]
[EventRounds "9"]
[EventCountry "POL"]
[SourceTitle "EXT 2011"]
[Source "ChessBase"]
[SourceDate "2010.11.26"]
[SourceVersion "1"]
[SourceVersionDate "2010.11.26"]
[SourceQuality "1"]
[WhiteTeam "Raciborz KSz Silesia II"]
[BlackTeam "Gory Strzybniczanka Tarnowskie"]
[WhiteTeamCountry "POL"]
[BlackTeamCountry "POL"]

1. e4 c5 2. Nf3 e6 3. d4 cxd4 4. Nxd4 Nc6 5. Nc3 a6 6. Be2 Qc7 7. Be3 Nf6 8. Qd2 b5 9. a3 Bb7 10. Nxc6 dxc6 11. Rd1 Be7 12. Bf4 e5 13. Bg5 Rd8 14. Qe3 Rxd1+ 15. Bxd1 0-0 16. 0-0 Rd8 17. Be2 c5 18. Bxf6 Bxf6 19. Rd1 Rxd1+ 20. Nxd1 Qd6 21. f3 h6 22. Qd3 Qd4+ 23. Qxd4 exd4 24. c4 Bc6 25. Bd3 Bg5 26. Kf2 Kf8 27. g3 Bc1 28. Ke2 Ke7 29. Kf2 Kd7 30. Ke2 Kc7 31. f4 Kb6 32. e5 Bd7 33. f5 h5 34. h4 Ka5 35. Kf3 Kb6 36. g4 hxg4+ 37. Kxg4 Kc7 38. h5 Kd8 39. Kf3 Ke7 40. cxb5 axb5 41. b3 Bxa3 42. Nf2 c4 43. bxc4 bxc4 44. f6+ gxf6 45. exf6+ Kxf6 46. Bxc4 1/2-1/2